Love in a torn land; one womans daring escape from saddam's poison gas attacks on the Kurdish people of Iraq (Record no. 324305)
[ view plain ]
| 000 -LEADER | |
|---|---|
| fixed length control field | 00413 a2200133 4500 |
| 001 - CONTROL NUMBER | |
| control field | 89232 |
| 082 ## - DEWEY DECIMAL CLASSIFICATION NUMBER | |
| Classification number | 956.70441 SAS |
| 090 ## - LOCALLY ASSIGNED LC-TYPE CALL NUMBER (OCLC); LOCAL CALL NUMBER (RLIN) | |
| -- | 42182 |
| -- | 42182 |
| 100 ## - MAIN ENTRY--PERSONAL NAME | |
| Personal name | Sasson, Jean |
| 245 ## - TITLE STATEMENT | |
| Title | Love in a torn land; one womans daring escape from saddam's poison gas attacks on the Kurdish people of Iraq |
| Statement of responsibility, etc. | Jean Sasson |
| 260 ## - PUBLICATION, DISTRIBUTION, ETC. | |
| Place of publication, distribution, etc. | London |
| Name of publisher, distributor, etc. | Bantam Press |
| Date of publication, distribution, etc. | 2007 |
| 300 ## - PHYSICAL DESCRIPTION | |
| Extent | 421 p. |
| 740 ## - ADDED ENTRY--UNCONTROLLED RELATED/ANALYTICAL TITLE | |
| Uncontrolled related/analytical title | Kurdish people- Iraq |
| 942 ## - ADDED ENTRY ELEMENTS (KOHA) | |
| Institution code [OBSOLETE] | CAE NUST |
| Call number prefix | 956.70441 SAS |
| Withdrawn status | Lost status | Damaged status | Not for loan | Collection code | Permanent Location | Current Location | Date acquired | Total Checkouts | Full call number | Barcode | Date last seen | Price effective from | Koha item type |
|---|---|---|---|---|---|---|---|---|---|---|---|---|---|
| College of Aeronautical Engineering (CAE) | College of Aeronautical Engineering (CAE) | 04/03/2017 | 956.70441 SAS | CAE86120 | 04/05/2017 | 04/05/2017 | Book |
